000 nam a22 7a 4500
999 _c233520
_d233520
003 Nust
005 20170308133632.0
008 170308b xxu||||| |||| 00| 0 eng d
040 _cDLC
082 _a910.3 KRI
245 _aAcademic Dictionary of Tourism /
_cKrishan,J.K.
260 _aDelhi :
_bISHA Books,
_c2005
300 _a298p. :
_c25cm
942 _2ddc
_cBK